000 00353 a2200145 4500
999 _c11992
_d11992
003 OSt
005 20240111141308.0
008 240111b ||||| |||| 00| 0 eng d
020 _a9780823002269
082 _a720.92
100 _aSteele
245 _aAn architecture for people : the complete works of Hassan Fathy
260 _bWhitney
942 _2ddc